| 000 | 00555nam a22001577a 4500 | ||
|---|---|---|---|
| 005 | 20251108165203.0 | ||
| 008 | 250721s1983 xx 000 0 ara d | ||
| 082 | 1 | 4 | _a910.132/محم |
| 100 | 1 | _aمحمود، محمود توفيق | |
| 245 | 1 | 0 |
_aالمدخل الجنوبي للبحر الأحمر : _bدراسة في الجغرافيا السياسيه و الجيوبوليتكس / |
| 264 | 1 |
_aالرياض : _bدار المريخ، _c1983. |
|
| 300 | _a322ص | ||
| 650 | 1 | 7 | _aالجغرافيا السياسيه |
| 942 |
_2ddc _cBK |
||
| 999 |
_c21600 _d21600 |
||